| 000 | 00832nam a2200265 i 4500 | ||
|---|---|---|---|
| 001 | 66725 | ||
| 003 | ES-MaACL | ||
| 005 | 20250930063059.0 | ||
| 007 | t| | ||
| 008 | 971124s2003 sp |||| | spa d | ||
| 020 | _a84-7844-659-1 | ||
| 080 | _a17.037 | ||
| 080 | _a130.2"17/19" | ||
| 100 | 1 |
_aSloterdijk, Peter, _d1947- _9159830 |
|
| 245 | 1 | 0 |
_aCrítica de la razón cínica / _cPeter Sloterdijk ; traducción de Miguel Ángel Vega. |
| 260 |
_aMadrid : _bSiruela, _c[2003] |
||
| 300 |
_a786 p. : _bil. ; _c21 cm. |
||
| 490 | 1 |
_aBiblioteca de ensayo. Serie mayor ; _v23 |
|
| 650 | 1 | 4 |
_aCinismo. _911042 |
| 650 | 1 | 4 |
_aCivilización moderna. _911098 |
| 700 | 1 |
_aVega, Miguel Angel. _9113577 |
|
| 830 | 0 |
_aBiblioteca de ensayo. Serie mayor ; _v23 _9180582 |
|
| 852 |
_aES-MaACL _jL-27196 |
||
| 999 |
_c66725 _d66725 |
||